00363nam a2200109Ia 4500082001800000245001700018100005700035942000700092008004100099999001700140952009600157 aJ 551.46 CLAY 0aDeep oceans  a Claybourne, Anna Chicago, Ill., [c.2008] 913795 cBK210816s9999 xx 000 0 und d c75107d75106 00104070aSHATLbSHATLd2021-08-17g250.00l0p33228020421416r2021-08-17w2021-08-17yBK